[Event "12th KIIT International 2019"]
[Site "Odisha"]
[Date "2019.06.02"]
[Round "3.17"]
[White "Sahoo, Utkal Ranjan"]
[Black "Barath Kalyan M"]
[Result "1-0"]
[WhiteElo "2371"]
[BlackElo "2084"]
[Annotator "ChessBase"]
[PlyCount "63"]
[EventDate "2019.01.18"]
[EventType "swiss"]
[EventCountry "IND"]
[SourceTitle "playchess.com"]
[Source "ChessBase"]
[SourceQuality "1"]
[TimeControl "5400+30"]

1. d4 {[%emt 0:00:33]} Nf6 {[%emt 0:00:06]} 2. Bg5 {[%emt 0:00:13]} d5 {[%emt 0:01:10]} 3. Bxf6 {[%emt 0:00:12]} exf6 {[%emt 0:00:10]} 4. e3 {[%emt 0:00:05]} Bd6 {[%emt 0:01:50]} 5. g3 {[%emt 0:00:08]} O-O {[%emt 0:03:25]} 6. Bg2 {[%emt 0:00:09]} Nc6 {[%emt 0:01:08]} 7. Ne2 {[%emt 0:03:12]} Ne7 {[%emt 0:02:31]} 8. b3 {[%emt 0:05:14]} c6 {[%emt 0:00:50]} 9. O-O {[%emt 0:00:19]} Bf5 {[%emt 0:01:55]} 10. c4 {[%emt 0:01:18]} Qd7 {[%emt 0:00:57]} 11. Nbc3 {[%emt 0:01:32]} Bh3 {[%emt 0:04:52]} 12. Qd3 {[%emt 0:03:58]} h5 {[%emt 0:01:42]} 13. cxd5 {[%emt 0:04:15]} cxd5 {[%emt 0:11:18]} 14. Qb5 {[%emt 0:02:27]} Qxb5 {[%emt 0:08:41]} 15. Nxb5 {[%emt 0:02:38]} Bxg2 {[%emt 0:00:09]} 16. Kxg2 {[%emt 0:00:09]} Rfd8 {[%emt 0:08:26]} 17. Rfc1 {[%emt 0:04:54]} Nc6 {[%emt 0:00:48]} 18. h4 {[%emt 0:14:53]} g6 {[%emt 0:02:46]} 19. Kf3 {[%emt 0:10:27]} f5 {[%emt 0:00:50]} 20. Nxd6 {[%emt 0:13:14]} Rxd6 {[%emt 0:00:08]} 21. Rc5 {[%emt 0:00:25]} Kg7 {[%emt 0:02:29]} 22. Nf4 {[%emt 0:00:46]} Rad8 {[%emt 0:00:10]} 23. Rac1 {[%emt 0:00:53]} R8d7 {[%emt 0:02:32]} 24. Ke2 {[%emt 0:02:51]} Nd8 {[%emt 0:06:18]} 25. Nd3 {[%emt 0:02:32]} Ne6 {[%emt 0:05:08]} 26. R5c2 {[%emt 0:02:49]} Re7 {[%emt 0:01:42]} 27. Kd2 {[%emt 0:00:12]} Re8 {[%emt 0:00:54]} 28. Ne5 {[%emt 0:06:02]} Kf6 {[%emt 0:01:32]} 29. Nd3 {[%emt 0:01:40]} Ke7 {[%emt 0:01:01]} 30. Nc5 {[%emt 0:01:16]} Nxc5 {[%emt 0:01:13]} 31. dxc5 {[%emt 0:00:12]} Rd7 {[%emt 0:05:37]} 32. Kd3 {[%emt 0:01:00]} 1-0

[Event "12th KIIT International 2019"]
[Site "Odisha"]
[Date "2019.06.02"]
[Round "3.18"]
[White "Kumar, Gaurav"]
[Black "Viani Antonio Dcunha"]
[Result "0-1"]
[WhiteElo "2082"]
[BlackElo "2362"]
[Annotator "RC"]
[PlyCount "71"]
[EventDate "2019.01.18"]
[EventType "swiss"]
[EventCountry "IND"]
[SourceTitle "playchess.com"]
[Source "ChessBase"]
[SourceQuality "1"]
[TimeControl "5400+30"]

1. e4 {[%emt 0:00:08]} e5 {[%emt 0:00:00]} 2. Nf3 {[%emt 0:01:17]} Nc6 {[%emt 0:00:14]} 3. Bb5 {[%emt 0:02:00]} a6 {[%emt 0:00:17]} 4. Ba4 {[%emt 0:00:02]} Nf6 {[%emt 0:00:19]} 5. O-O {[%emt 0:00:08]} Bc5 {[%emt 0:00:29]} 6. Nxe5 {[%emt 0:00:47]} Nxe5 {[%emt 0:00:45]} 7. d4 {[%emt 0:00:07]} b5 {[%emt 0:00:27]} 8. Bb3 {[%emt 0:00:16]} Bxd4 {[%emt 0:00:26]} 9. Qxd4 {[%emt 0:00:02]} d6 {[%emt 0:00:14]} 10. f4 {[%emt 0:02:36]} c5 {[%emt 0:00:37]} 11. Qd1 {[%emt 0:00:39]} Nc6 {[%emt 0:00:53]} 12. c3 {[%emt 0:18:04]} O-O {[%emt 0:01:33]} 13. Qf3 {[%emt 0:04:26]} Qb6 {[%emt 0:07:23]} 14. Bc2 {[%emt 0:02:04]} Bb7 {[%emt 0:01:12]} 15. Be3 {[%emt 0:00:53]} Rae8 {[%emt 0:10:43]} 16. Nd2 {[%emt 0:01:16]} Na5 {[%emt 0:11:59]} 17. b4 {[%emt 0:05:18]} Nc4 {[%emt 0:00:40]} 18. bxc5 {[%emt 0:01:00]} dxc5 {[%emt 0:00:24]} 19. Nxc4 {[%emt 0:00:07]} bxc4 {[%emt 0:00:10]} 20. Rab1 {[%emt 0:00:04]} Qc7 {[%emt 0:03:18]} 21. Rxb7 {[%emt 0:00:07]} Qxb7 {[%emt 0:00:05]} 22. Bxc5 {[%emt 0:00:07]} Nxe4 {[%emt 0:04:45]} 23. Bxe4 {[%emt 0:13:35]} Qxe4 {[%emt 0:04:20]} 24. Qxe4 {[%emt 0:00:39]} Re7 {[%emt 0:50:47]} 25. Qe5 Rxe5 {[%emt 0:00:00]} 26. Be7 {[%emt 0:47:18]} Re4 27. Bxf8 {[%emt 0:00:00]} Kxf8 {[%emt 0:00:00]} 28. Rb1 {[%emt 0:00:00]} Re3 {[%emt 0:00:00]} 29. Rb6 {[%emt 0:00:00]} a5 {[%emt 0:00:00]} 30. Ra6 {[%emt 0:00:00]} Rxc3 {[%emt 0:00:00]} 31. Rxa5 {[%emt 0:00:00]} Ke7 {[%emt 0:00:00]} 32. Ra7+ {[%emt 0:00:00]} Kd6 {[%emt 0:00:00]} 33. Kf2 {[%emt 0:00:00]} Rc2+ {[%emt 0:00:00]} 34. Kf3 {[%emt 0:00:00]} c3 {[%emt 0:00:00]} 35. Rxf7 {[%emt 0:00:00]} Rxg2 {[%emt 0:05:30]} 36. Ke4 {[%emt 0:05:00] Ke5+ Kd4+ Kd6 [%clk 0:00:00] Ke3 Ke5 [%clk 0:00:00] Kd4+ [%clk 0:00:00]} 0-1

[Event "12th KIIT International 2019"]
[Site "Odisha"]
[Date "2019.06.02"]
[Round "3.19"]
[White "Saurabh Anand"]
[Black "Rakesh, Kumar Nayak"]
[Result "1/2-1/2"]
[WhiteElo "2351"]
[BlackElo "2026"]
[Annotator "TA"]
[PlyCount "64"]
[EventDate "2019.01.18"]
[EventType "swiss"]
[EventCountry "IND"]
[SourceTitle "playchess.com"]
[Source "ChessBase"]
[SourceQuality "1"]

{[%evp 17,64,0,0,-27,0,0,0,0,0,0,0,0,0,0,0,0,0,-8,0,-40,-34,-40,-36,-25,0,-39,0,0,0,0,0,0,8,10,2,-19,0,-29,-24,-48,-28,-47,-47,-47,-47,-47,-12,-39,-39]} 1. e4 e5 2. Nf3 Nc6 3. d4 exd4 4. Nxd4 Nf6 5. Nxc6 bxc6 6. e5 Qe7 7. Qe2 Nd5 8. c4 Ba6 9. Nd2 g6 10. Nf3 {C45: Scotch Game} Bg7 (10... Qb4+ 11. Kd1 Ne7 12. Bg5 Bg7 13. Qd2 c5 14. Qxb4 cxb4 15. Bd3 h6 16. Bxe7 Kxe7 17. Re1 Rhe8 {1-0 (52) Huschenbeth,N (2586)-Anton Guijarro,D (2649) Germany 2019}) 11. Bg5 Qb4+ 12. Qd2 {The position is equal.} Qxd2+ 13. Bxd2 Nb6 14. b3 O-O 15. O-O-O d5 {[%cal Rd5c4]} 16. exd6 cxd6 17. Bf4 d5 18. c5 $146 ({Predecessor:} 18. cxd5 Bxf1 19. Rhxf1 Nxd5 {½-½ (45) Nikolovski,N (2420)-Mazur,S (2460) Heraklio 2017}) 18... Bxf1 19. Rhxf1 Nd7 20. Bd6 Rfe8 21. Kd2 Bf8 22. Bxf8 Kxf8 23. Rc1 Re4 24. Kd3 Ne5+ 25. Nxe5 Rxe5 $11 {[%mdl 4096] Endgame KRR-KRR} 26. Rfe1 Rf5 27. f3 Rb8 28. Ke3 Rb5 29. Red1 Re5+ 30. Kf2 a5 31. Rd4 Rb4 32. Rcd1 {With the idea Rxb4.} Re8 {Accuracy: White = 54%, Black = 57%.} 1/2-1/2

[Event "12th KIIT International 2019"]
[Site "Odisha"]
[Date "2019.06.02"]
[Round "4.1"]
[White "Iturrizaga Bonelli, Eduardo"]
[Black "Koustav Chatterjee"]
[Result "1/2-1/2"]
[WhiteElo "2637"]
[BlackElo "2404"]
[Annotator "TA"]
[PlyCount "72"]
[EventDate "2019.01.18"]
[EventType "swiss"]
[EventCountry "IND"]
[SourceTitle "playchess.com"]
[Source "ChessBase"]
[SourceQuality "1"]

{[%evp 23,72,0,0,0,8,0,0,0,0,0,0,0,0,0,45,-9,-5,-14,-19,-40,-7,-10,-6,-15,-5,-21,53,-36,18,14,40,0,0,-62,-51,-58,-58,-66,-55,-84,-62,-85,-38,-47,0,0,0,0,0,-6,-6]} 1. c4 Nf6 2. Nc3 e6 3. Nf3 d5 4. e3 b6 5. b3 Bb7 6. Bb2 Be7 7. g3 O-O 8. Bg2 c5 9. O-O dxc4 10. bxc4 Nc6 11. Qe2 a6 12. Rfd1 Qc7 13. Ne1 {A14: English Opening: 1...e6 with b3 by White} (13. Rab1 Rab8 14. Ba1 Rfd8 15. d3 Ba8 16. h3 Na7 17. a4 Nc6 18. g4 Nb4 19. g5 Ne8 20. h4 Nd6 21. e4 Nb7 22. Na2 Nxa2 23. Qxa2 {½-½ (33) Li,C (2711)-Kryvoruchko,Y (2710) Germany 2015}) 13... Na5 14. f4 Bxg2 {[#]} 15. Nxg2 $146 ({Predecessor:} 15. Kxg2 Rfd8 16. Nf3 Qb7 {½-½ (16) Morovic Fernandez,I (2552)-Rodriguez Vila,A (2502) Asuncion 2010}) 15... Rab8 16. g4 Ne8 17. a4 Nd6 18. d3 f5 19. gxf5 (19. g5 $14) 19... Nxf5 $11 20. Ne4 Nc6 21. Kh1 b5 22. axb5 axb5 23. cxb5 Rxb5 24. Bc3 Rfb8 (24... Nb4 $11) 25. Qg4 (25. Rg1 $14) 25... Rb3 ({Black should play} 25... Qd7 $15) 26. Rac1 Qd8 27. Ng3 g6 28. h4 (28. Nxf5 $11 exf5 29. Qe2) 28... Nb4 $15 {[#] And now ...Na2 would win.} 29. Nxf5 exf5 30. Qe2 Qd5 31. Rd2 Ra8 32. e4 Qe6 {Strongly threatening ...c4!} 33. Bxb4 Rxb4 34. exf5 {The position is equal.} Qxe2 35. Rxe2 Kf7 36. Re5 Rd4 {Accuracy: White = 49%, Black = 47%.} 1/2-1/2

[Event "12th KIIT International 2019"]
[Site "Odisha"]
[Date "2019.06.02"]
[Round "4.2"]
[White "Das, Sayantan"]
[Black "Amonatov, Farrukh"]
[Result "0-1"]
[WhiteElo "2419"]
[BlackElo "2624"]
[Annotator "TA"]
[PlyCount "126"]
[EventDate "2019.01.18"]
[EventType "swiss"]
[EventCountry "IND"]
[SourceTitle "playchess.com"]
[Source "ChessBase"]
[SourceQuality "1"]

{[%evp 13,126,-2,18,20,15,0,20,-21,-21,-30,-27,-26,-23,-33,-22,-21,0,-3,0,0,0,-2,-8,-51,-47,-43,-46,-51,-50,-51,-45,-70,-59,-98,-101,-91,-99,-105,-94,-101,-66,-152,-52,-79,-79,-82,-100,-113,-111,-135,-53,-116,-82,-143,-143,-133,-92,-245,-244,-241,-238,-755,-238,-238,-235,-220,-217,-510,-521,-511,-214,-404,-215,-208,-205,-205,-197,-197,-197,-190,-183,-171,-168,-161,-159,-131,-69,-69,-55,-55,-55,-55,-55,-55,-55,-866,-614,-941,-859,-1507,-1443,-1223,-1193,-1016,-694,-1889,-1683,-12822,-4640,-29973,-29974,-29975,-29976,-29961,-6528]} 1. e4 c5 2. Nf3 d6 3. d4 cxd4 4. Nxd4 Nf6 5. Nc3 a6 6. Be2 e5 7. Nf3 h6 8. Nd2 {B92: Sicilian Najdorf: 6 Be2} Be6 9. a4 (9. Nc4 Nc6 10. Ne3 Ne7 11. O-O Rc8 12. Bf3 g6 13. Qd3 Bg7 14. Rd1 Rc6 15. b3 Qc8 {1-0 (48) Vachier Lagrave,M (2789)-Korobov,A (2652) Riadh 2017}) 9... Nc6 10. Nf1 $146 {The position is equal.} ({Predecessor:} 10. Nc4 d5 11. exd5 Nxd5 12. Nxd5 Bxd5 13. O-O Bc5 14. Be3 Bxe3 15. Nxe3 {½-½ (15) Makropoulou,M (2136)-Cosman,A (2125) Braila 2017}) 10... d5 11. exd5 Nxd5 12. Nxd5 Bxd5 13. Ne3 Be6 14. O-O Qxd1 15. Rxd1 Nd4 16. Bd3 Rd8 17. b3 Bc5 18. Ba3 Bxa3 19. Rxa3 f5 20. f3 Ke7 21. b4 Kf6 22. c3 Nb3 $1 23. Be2 Rxd1+ 24. Bxd1 Nd2 25. Ra1 Rd8 26. Be2 g5 27. Nf1 (27. a5 $15) 27... Nc4 (27... Nb3 $1 $17 {[%cal Rb3a1]} 28. Rd1 Rc8) 28. Rd1 Rxd1 29. Bxd1 $17 {[%mdl 4096] Endgame KBN-KBN} a5 30. Kf2 b6 31. Ne3 Nd6 (31... Na3 $1 $17 32. Ke2 f4 33. Ng4+ Bxg4 34. fxg4 e4) 32. Bc2 ({White should play} 32. Nf1 $1 $15) 32... h5 33. h3 (33. Nf1 $142) 33... h4 $1 34. Nf1 Nc4 35. Ne3 $2 {[#]} (35. Ke1 $17 {was worth a try.}) 35... Nxe3 $1 $19 36. Kxe3 {KB-KB} Bc4 37. Bd3 $2 (37. Bd1) 37... Bb3 $2 (37... Bxd3 38. Kxd3 Ke7) 38. Bb5 Ke6 39. Kd3 Kd6 40. Be8 $2 (40. Ke2) 40... Be6 41. Bb5 Bc8 (41... Bd7 $142 {Strongly threatening ...Bxb5+.} 42. Bxd7 Kxd7) 42. Ke3 $2 (42. Bc4 {was forced.}) 42... Bb7 (42... Bd7 $142 43. Bxd7 Kxd7 44. bxa5 bxa5) 43. Bd3 Bc6 44. Bc2 Bd7 45. Bb3 Bc8 46. Bc2 Be6 47. Kf2 Bc4 48. Ke3 ({Don't play} 48. Bxf5 Bb3 $17) 48... Ke6 49. Kf2 f4 ({Black should try} 49... Kf6 $17) 50. Ke1 Kd6 51. Kf2 Ba6 52. Ke1 Bb7 53. Kf2 Bc6 54. Ke2 $2 {[%mdl 8192]} (54. Ke1 $15) 54... b5 55. axb5 Bxb5+ 56. Kf2 a4 57. c4 a3 58. Bb3 Bc6 59. Ba2 e4 60. Bb1 exf3 61. gxf3 Bd7 {Black mates.} 62. Kg2 Ke5 63. b5 Kd6 {Accuracy: White = 24%, Black = 67%.} (63... Kd4 $142 64. Ba2 Kc3 65. b6 {[#]} Bc6 $1 {[%mdl 512]} 66. c5 Kb4 67. Kf2 Kxc5 68. Ke2 Kxb6 69. Kd3 Kc5 70. Bb1 Bd5 71. Kc3 a2 72. Bxa2 Bxa2 73. Kc2 Be6 74. Kd2 Kd4 75. Ke1 Bxh3 76. Kf2 g4 77. fxg4 Bxg4 78. Kg2 Ke3 79. Kg1 f3 80. Kh1 f2 81. Kg2 Bf5 82. Kh1 f1=Q+ 83. Kh2 Qf2+ 84. Kh1 Be4#) 0-1

[Event "12th KIIT International 2019"]
[Site "Odisha"]
[Date "2019.06.02"]
[Round "4.3"]
[White "Viani Antonio Dcunha"]
[Black "Turov, Maxim"]
[Result "1/2-1/2"]
[WhiteElo "2362"]
[BlackElo "2579"]
[Annotator "TA"]
[PlyCount "97"]
[EventDate "2019.01.18"]
[EventType "swiss"]
[EventCountry "IND"]
[SourceTitle "playchess.com"]
[Source "ChessBase"]
[SourceQuality "1"]

{[%evp 26,97,19,11,24,23,31,18,18,12,13,27,18,7,18,16,39,0,0,12,98,90,90,79,112,100,116,96,90,87,87,87,91,92,87,88,88,82,94,92,100,85,106,107,107,107,120,120,120,120,164,87,87,73,93,74,77,87,87,68,59,0,0,0,0,0,0,0,0,0,0,0,0,0]} 1. e4 c6 2. d4 d5 3. Nc3 dxe4 4. Nxe4 Bf5 5. Ng3 Bg6 6. h4 h6 7. Nf3 Nd7 8. h5 Bh7 9. Bd3 Bxd3 10. Qxd3 e6 11. Bd2 Ngf6 12. O-O-O Bd6 13. Ne4 Nxe4 14. Qxe4 Nf6 {B19: Classical Caro-Kann: 4...Bf5 main line} 15. Qe2 Bc7 16. c4 b5 17. Kb1 bxc4 18. Qxc4 O-O 19. Qxc6 {[#]} Nd5 $146 ({Predecessor:} 19... Rb8 20. Rc1 {0-1 (45) Mosquera,M (2391)-Erenburg,S (2550) Medellin 2017}) 20. Rc1 Rb8 21. Qc2 Rb5 22. g4 Qf6 (22... Qe7 $11) 23. Qd3 $1 $16 Rfb8 {[#]} 24. Rc2 $1 e5 25. dxe5 Bxe5 26. Nxe5 Qxe5 27. b3 Nb4 28. Bxb4 $1 Rxb4 29. Rhc1 {Hoping for Rc8+.} Qe6 {[%cal Rb4b3] White should prevent ...Rxb3+.} 30. Rc4 {Threatens to win with Rxb4.} a5 31. Qc3 (31. f3 {looks sharper.} g6 32. hxg6 Qxg6 33. Qe4 Qxe4+ 34. Rxe4 Rxe4 35. fxe4 Rb5 36. Rf1) 31... Rxc4 32. Qxc4 {[%mdl 4096] Endgame KQR-KQR} Qd6 33. Qe4 Qd7 {[#]} 34. Rc4 $1 Re8 35. Qc2 Rd8 36. a4 Qe6 37. Ka2 Qe1 38. Rc8 (38. Re4 $18 Qf1 39. Re5) 38... Rxc8 39. Qxc8+ {KQ-KQ} Kh7 40. Qc2+ g6 41. f4 Kg7 42. hxg6 fxg6 43. g5 ({Better is} 43. Qc7+ $14 Kf6 44. Qc6+ Kg7 45. Qd7+ Kf6 46. Qd6+ Kf7 47. b4) 43... h5 $1 $11 {The position is equal.} 44. Qc7+ Kg8 45. Qd8+ Kh7 46. Qd7+ Kg8 47. Qd5+ Kg7 48. Qd4+ Kh7 49. Qd7+ {Accuracy: White = 64%, Black = 66%.} 1/2-1/2

[Event "12th KIIT International 2019"]
[Site "Odisha"]
[Date "2019.06.02"]
[Round "4.4"]
[White "Vasquez Schroeder, Rodrigo"]
[Black "Sahoo, Utkal Ranjan"]
[Result "1/2-1/2"]
[WhiteElo "2476"]
[BlackElo "2371"]
[Annotator "ChessBase"]
[PlyCount "86"]
[EventDate "2019.01.18"]
[EventType "swiss"]
[EventCountry "IND"]
[SourceTitle "playchess.com"]
[Source "ChessBase"]
[SourceQuality "1"]
[TimeControl "5400+30"]

1. e4 {[%emt 0:00:00]} e5 {[%emt 0:00:00]} 2. Nf3 {[%emt 0:00:00]} Nc6 {[%emt 0:00:00]} 3. Bc4 {[%emt 0:00:00]} Bc5 {[%emt 0:00:33]} 4. c3 {[%emt 0:00:00]} Nf6 {[%emt 0:00:36]} 5. d3 {[%emt 0:00:01]} d6 {[%emt 0:01:13]} 6. Bb3 {[%emt 0:00:26]} a6 {[%emt 0:01:36]} 7. h3 {[%emt 0:00:23]} h6 {[%emt 0:02:54]} 8. Nbd2 {[%emt 0:00:16]} O-O {[%emt 0:01:00]} 9. Nf1 {[%emt 0:01:11]} Re8 {[%emt 0:06:32]} 10. Ng3 {[%emt 0:01:17]} Ne7 {[%emt 0:02:54]} 11. O-O {[%emt 0:00:30]} Ng6 {[%emt 0:00:53]} 12. d4 {[%emt 0:01:33]} Ba7 {[%emt 0:00:57]} 13. Re1 {[%emt 0:00:24]} c6 {[%emt 0:03:11]} 14. Bc2 {[%emt 0:01:31]} Be6 {[%emt 0:14:21]} 15. Be3 {[%emt 0:00:56]} Qc7 {[%emt 0:02:02]} 16. Qd2 {[%emt 0:02:51]} Kh7 {[%emt 0:07:13]} 17. Nf5 {[%emt 0:07:21]} Ng8 {[%emt 0:08:03]} 18. Rad1 {[%emt 0:03:51]} Red8 {[%emt 0:04:25]} 19. Qc1 {[%emt 0:01:23]} f6 {[%emt 0:05:11]} 20. Ng3 {[%emt 0:01:33]} Kh8 {[%emt 0:07:25]} 21. b3 {[%emt 0:00:56]} Qf7 {[%emt 0:02:27]} 22. c4 {[%emt 0:00:25]} b5 {[%emt 0:02:03]} 23. cxb5 {[%emt 0:01:48]} axb5 {[%emt 0:01:10]} 24. Qb2 {[%emt 0:00:39]} N8e7 {[%emt 0:02:48]} 25. Rd2 {[%emt 0:01:10]} c5 {[%emt 0:04:58]} 26. dxc5 {[%emt 0:04:32]} Bxc5 {[%emt 0:01:27]} 27. Bxc5 {[%emt 0:02:03]} dxc5 {[%emt 0:00:01]} 28. Rxd8+ {[%emt 0:00:51]} Rxd8 {[%emt 0:00:01]} 29. Qc3 {[%emt 0:00:22]} Nf4 {[%emt 0:02:07]} 30. Rd1 {[%emt 0:01:23]} Rxd1+ {[%emt 0:00:49]} 31. Bxd1 {[%emt 0:00:02]} c4 {[%emt 0:00:33]} 32. bxc4 {[%emt 0:00:51]} Bxc4 {[%emt 0:16:37]} 33. a4 {[%emt 0:00:25]} bxa4 {[%emt 0:00:00]} 34. Bxa4 {[%emt 0:03:12]} Ne2+ {[%emt 0:00:00]} 35. Nxe2 {[%emt 0:00:07]} Bxe2 {[%emt 0:00:00]} 36. Nd2 {[%emt 0:00:41]} Bh5 {[%emt 0:00:00]} 37. Qc7 {[%emt 0:01:50]} Qa2 {[%emt 0:00:00]} 38. Qd8+ {[%emt 0:01:10]} Kh7 {[%emt 0:00:00]} 39. Bb5 {[%emt 0:03:35]} Bg6 {[%emt 0:01:23]} 40. Qd6 {[%emt 0:06:37]} Nc8 {[%emt 0:01:44]} 41. Qb4 {[%emt 0:00:45]} Qa1+ {[%emt 0:00:18]} 42. Bf1 {[%emt 0:00:49]} Qe1 {[%emt 0:00:14]} 43. Qc3 {[%emt 0:14:23]} Ne7 {[%emt 0:00:43]} 1/2-1/2

[Event "12th KIIT International 2019"]
[Site "Odisha"]
[Date "2019.06.02"]
[Round "4.5"]
[White "Pranav Vijay"]
[Black "Laxman, R.R."]
[Result "0-1"]
[WhiteElo "2265"]
[BlackElo "2437"]
[Annotator "ChessBase"]
[PlyCount "162"]
[EventDate "2019.01.18"]
[EventType "swiss"]
[EventCountry "IND"]
[SourceTitle "playchess.com"]
[Source "ChessBase"]
[SourceQuality "1"]
[TimeControl "5400+30"]

1. e4 {[%emt 0:00:00]} e5 {[%emt 0:00:00]} 2. Nf3 {[%emt 0:00:00]} Nc6 {[%emt 0:00:00]} 3. Bb5 {[%emt 0:00:09]} Nf6 {[%emt 0:00:00]} 4. O-O {[%emt 0:01:11]} Nxe4 {[%emt 0:00:00]} 5. Re1 {[%emt 0:00:07]} Nd6 {[%emt 0:00:05]} 6. Nxe5 {[%emt 0:00:14]} Nxe5 {[%emt 0:00:17]} 7. Rxe5+ {[%emt 0:00:10]} Be7 {[%emt 0:00:06]} 8. Bd3 {[%emt 0:00:08]} O-O {[%emt 0:00:12]} 9. Nc3 {[%emt 0:00:06]} c6 {[%emt 0:01:20]} 10. b3 {[%emt 0:00:57]} Ne8 {[%emt 0:00:57]} 11. Bb2 {[%emt 0:02:43]} d5 {[%emt 0:00:26]} 12. Qf3 {[%emt 0:09:43]} Bd6 {[%emt 0:01:47]} 13. Ree1 {[%emt 0:09:00]} Qh4 {[%emt 0:02:20]} 14. h3 {[%emt 0:02:31]} Nf6 {[%emt 0:01:19]} 15. Nd1 {[%emt 0:08:48]} d4 {[%emt 0:12:47]} 16. g3 {[%emt 0:02:22]} Qxh3 {[%emt 0:00:29]} 17. Bxd4 {[%emt 0:00:25]} Ng4 {[%emt 0:06:37]} 18. Qh1 {[%emt 0:01:56]} Qxh1+ {[%emt 0:01:25]} 19. Kxh1 {[%emt 0:00:15]} c5 {[%emt 0:03:08]} 20. Bb2 {[%emt 0:03:24]} Bd7 {[%emt 0:00:43]} 21. Kg2 {[%emt 0:01:37]} Rfe8 {[%emt 0:17:19]} 22. Ne3 {[%emt 0:12:40]} Bc6+ {[%emt 0:00:18]} 23. f3 {[%emt 0:00:15]} Be5 {[%emt 0:01:03]} 24. Nxg4 {[%emt 0:22:15]} Bxb2 {[%emt 0:00:07]} 25. Rxe8+ {[%emt 0:00:06]} Rxe8 {[%emt 0:00:04]} 26. Rh1 {[%emt 0:00:10]} g6 {[%emt 0:07:36]} 27. c3 {[%emt 0:02:17]} Rd8 {[%emt 0:00:13]} 28. Nf2 {[%emt 0:00:24]} b5 {[%emt 0:01:10]} 29. Rb1 {[%emt 0:04:42]} Ba3 {[%emt 0:00:04]} 30. Rd1 {[%emt 0:00:37]} f5 {[%emt 0:00:33]} 31. Re1 {[%emt 0:01:23]} Kf7 {[%emt 0:00:21]} 32. Rd1 {[%emt 0:04:24]} h5 {[%emt 0:01:19]} 33. Be2 {[%emt 0:02:30]} Kf6 {[%emt 0:00:53]} 34. Nd3 {[%emt 0:01:11]} c4 {[%emt 0:02:02]} 35. Nf2 {[%emt 0:01:44]} g5 {[%emt 0:04:21]} 36. Kf1 {[%emt 0:00:50]} Bd6 {[%emt 0:00:20]} 37. f4 {[%emt 0:01:49]} gxf4 {[%emt 0:00:07]} 38. gxf4 {[%emt 0:00:05]} Bxf4 {[%emt 0:00:16]} 39. bxc4 {[%emt 0:00:29]} bxc4 {[%emt 0:00:05]} 40. d4 {[%emt 0:01:10]} cxd3 {[%emt 0:00:59]} 41. Rxd3 {[%emt 0:00:59]} Rb8 {[%emt 0:02:15]} 42. Rh3 {[%emt 0:01:10]} Rb1+ {[%emt 0:00:08]} 43. Nd1 {[%emt 0:00:05]} Ba4 {[%emt 0:00:34]} 44. Rd3 {[%emt 0:01:15]} Bc2 {[%emt 0:00:31]} 45. Rd4 {[%emt 0:01:00]} Be3 {[%emt 0:01:05]} 46. Rd8 {[%emt 0:01:00]} Ke7 {[%emt 0:00:55]} 47. Rd5 {[%emt 0:00:13]} Be4 {[%emt 0:01:46]} 48. Re5+ {[%emt 0:00:45]} Kf6 {[%emt 0:00:12]} 49. Rxe4 {[%emt 0:02:14]} fxe4 {[%emt 0:00:05]} 50. Bxh5 {[%emt 0:00:05]} Kg5 {[%emt 0:00:32]} 51. Be2 {[%emt 0:00:28]} Ra1 {[%emt 0:00:16]} 52. Ke1 {[%emt 0:00:12]} Kf4 {[%emt 0:00:07]} 53. Bc4 {[%emt 0:00:02]} Rc1 {[%emt 0:01:01]} 54. Bb3 {[%emt 0:01:27]} Kf3 {[%emt 0:00:09]} 55. Ba4 {[%emt 0:00:29]} Ra1 {[%emt 0:00:18]} 56. Bb3 {[%emt 0:00:29]} Bf2+ {[%emt 0:00:02]} 57. Kd2 {[%emt 0:00:09]} e3+ {[%emt 0:00:03]} 58. Kd3 {[%emt 0:00:04]} Rc1 {[%emt 0:01:45]} 59. Ba4 {[%emt 0:00:30]} Be1 {[%emt 0:01:22]} 60. Bc6+ {[%emt 0:00:54]} Kf4 {[%emt 0:00:01]} 61. Ba4 {[%emt 0:00:18]} Bd2 {[%emt 0:01:23]} 62. Bb3 {[%emt 0:00:24]} a5 {[%emt 0:01:30]} 63. Ba4 {[%emt 0:01:34]} Rb1 {[%emt 0:01:13]} 64. Bb3 {[%emt 0:00:35]} Ra1 {[%emt 0:00:09]} 65. Ke2 {[%emt 0:00:29]} a4 {[%emt 0:00:47]} 66. Bxa4 {[%emt 0:00:19]} Rxa2 {[%emt 0:00:01]} 67. Bb3 {[%emt 0:00:05]} Ra3 {[%emt 0:00:09]} 68. Bc4 {[%emt 0:01:07]} Ra8 {[%emt 0:00:14]} 69. Bd5 {[%emt 0:00:47]} Rh8 {[%emt 0:00:11]} 70. Nb2 {[%emt 0:00:26]} Rh2+ {[%emt 0:00:02]} 71. Kd3 {[%emt 0:00:36]} Bc1 {[%emt 0:00:15]} 72. Nc4 {[%emt 0:00:17]} e2 {[%emt 0:00:10]} 73. Kc2 {[%emt 0:00:13]} e1=Q+ {[%emt 0:00:04]} 74. Kd3 {[%emt 0:00:08]} Qd1+ {[%emt 0:00:13]} 75. Nd2 {[%emt 0:00:03]} Rxd2+ {[%emt 0:00:06]} 76. Kc4 {[%emt 0:00:01]} Rxd5 {[%emt 0:00:15]} 77. Kb4 {[%emt 0:00:01]} Ba3+ {[%emt 0:00:08]} 78. Kc4 {[%emt 0:00:03]} Qd3+ {[%emt 0:00:04]} 79. Kb3 {[%emt 0:00:02]} Rb5+ {[%emt 0:00:08]} 80. Ka4 {[%emt 0:00:03]} Qc4+ {[%emt 0:00:05]} 81. Kxa3 {[%emt 0:00:01]} Qb3# {[%emt 0:00:06]} 0-1